60 Second Blitz: Europe Quiz Stats

 Plays Quiz Updated Dec 3, 2015

Challenge
Share
Tweet
Embed
Score 0/47 Timer 01:00
13 Plays Today
% Correct
France
91.3%
Spain
89.1%
United Kingdom
88%
Germany
86.2%
Italy
82.4%
Sweden
80.1%
Portugal
79.1%
Ireland
77.4%
Norway
76.4%
Finland
74%
Russia
65.4%
Greece
65.3%
Denmark
64.9%
Poland
63%
Iceland
60.6%
Belgium
60%
Austria
57%
Netherlands
56.7%
Latvia
55.9%
Switzerland
53.3%
Estonia
52.2%
Lithuania
50.2%
Andorra
50.1%
Turkey
47.4%
% Correct
Ukraine
45.7%
Hungary
44.8%
Vatican City
44.6%
Slovakia
43.8%
Monaco
42.5%
Malta
41.5%
Romania
41.4%
Luxembourg
41.2%
Slovenia
40.9%
Croatia
40.7%
Belarus
40.3%
Serbia
38.8%
Albania
37.6%
San Marino
37.3%
Czechia
37.3%
Cyprus
37%
Bulgaria
36.7%
Moldova
30.7%
Kosovo
28.8%
Macedonia
28.7%
Liechtenstein
27.8%
Montenegro
24.8%
Bosnia and Herzegovina
18.6%

You're not logged in!

Compare scores with friends on all Sporcle quizzes.
OR
Log In

You Might Also Like...

Show Comments

Extras

Top Quizzes Today


Score Distribution

Your Account Isn't Verified!

In order to create a playlist on Sporcle, you need to verify the email address you used during registration. Go to your Sporcle Settings to finish the process.

Report this User

Report this user for behavior that violates our Community Guidelines.

Details: